Look down in mercy / (Record no. 18671)
[ view plain ]
| 000 -LEADER | |
|---|---|
| fixed length control field | 00813cam a22002891 4500 |
| 001 - CONTROL NUMBER | |
| control field | 18671 |
| 003 - CONTROL NUMBER IDENTIFIER | |
| rucl marc code | BD-RjUL |
| 005 - DATE AND TIME OF LATEST TRANSACTION | |
| control field | 20211209000322.0 |
| 008 - FIXED-LENGTH DATA ELEMENTS--GENERAL INFORMATION | |
| fixed length control field | 140222s1952 nyu 000 1 eng |
| 035 ## - SYSTEM CONTROL NUMBER | |
| System control number | (BD-RjUL)18729 |
| System control number | (OCoLC)1258375 |
| 040 ## - CATALOGING SOURCE | |
| Original cataloging agency | DLC |
| Transcribing agency | OTU |
| Modifying agency | OCoLC |
| -- | GFK |
| -- | DLC |
| -- | BD-RjUL |
| Language of cataloging | eng |
| 041 ## - LANGUAGE CODE | |
| Language code of text/sound track or separate title | eng |
| 082 00 - DEWEY DECIMAL CLASSIFICATION NUMBER | |
| Classification number | 823.9 |
| Author mark and year | BAL 1952 |
| 100 1# - MAIN ENTRY--PERSONAL NAME | |
| Personal name | Baxter, Walter, |
| Dates associated with a name | 1915- |
| 9 (RLIN) | 57492 |
| 245 10 - TITLE STATEMENT | |
| Title | Look down in mercy / |
| Statement of responsibility, etc. | Walter Baxter. |
| 260 ## - PUBLICATION, DISTRIBUTION, ETC. (IMPRINT) | |
| Place of publication, distribution, etc. | New York : |
| Name of publisher, distributor, etc. | Putnam, |
| Date of publication, distribution, etc. | 1952. |
| 300 ## - PHYSICAL DESCRIPTION | |
| Pagination | 288 p. ; |
| Size | 21 cm. |
| 650 #0 - SUBJECT ADDED ENTRY--TOPICAL TERM | |
| Topical term or geographic name as entry element | Soldiers |
| General subdivision | Fiction. |
| 9 (RLIN) | 57493 |
| Topical term or geographic name as entry element | British |
| Geographic subdivision | India |
| General subdivision | Fiction. |
| 9 (RLIN) | 57494 |
| Topical term or geographic name as entry element | Nurses |
| General subdivision | Fiction. |
| 9 (RLIN) | 57495 |
| Topical term or geographic name as entry element | Adultery |
| General subdivision | Fiction. |
| 9 (RLIN) | 57496 |
| 651 #0 - SUBJECT ADDED ENTRY--GEOGRAPHIC NAME | |
| Geographic name | India |
| General subdivision | Fiction. |
| 9 (RLIN) | 56323 |
| 942 ## - ADDED ENTRY ELEMENTS (KOHA) | |
| Source of classification or shelving scheme | Dewey Decimal Classification |
| Koha item type | Books |
| Lost status | Source of classification or shelving scheme | Damaged status | Not for loan | Collection code | Permanent Location | Current Location | Shelving location | Date acquired | Source of acquisition | Cost, normal purchase price | Total Checkouts | Full call number | Date last seen | Copy number | Koha item type |
|---|---|---|---|---|---|---|---|---|---|---|---|---|---|---|---|
| Dewey Decimal Classification | Not For Loan | Fiction | Central Library, University of Rajshahi | Central Library, University of Rajshahi | Reading Room | 15/12/1969 | Zeit | 25.00 | 823.9 BAL 1952 | 22/02/2014 | C-1 | Books |